| 000 | 00886nam a2200277Ia 4500 | ||
|---|---|---|---|
| 001 | Z_1734 | ||
| 003 | CHAP | ||
| 008 | 220113s1999 xx 000 0 und d | ||
| 010 | _a164826 | ||
| 040 | _cCHAP | ||
| 090 | _aTesis H 1400 | ||
| 100 |
_aHernández Torres, Juan José _954675 |
||
| 245 |
_aEvaluación de un centro de recría de becerras Holstein para reemplazo en una cooperativa lechera en el Estado de Jalisco / _cpor Juan José Hernández Torres |
||
| 260 |
_aChapingo, Méx. : _bEl autor, _c1999 |
||
| 300 | _a52 h. | ||
| 502 | _aTesis (Ing. Agr. Esp. en Zootecnia) -- UACH. Departamento de Zootecnia | ||
| 650 |
_aBecerros _xalimentación _xJalisco _9138891 |
||
| 650 |
_aBecerros _xCrecimiento _xJalisco _9138892 |
||
| 650 |
_aGanado Holstein _945133 |
||
| 901 | _aTESIS H 1400 | ||
| 902 | _aM | ||
| 910 | _a1999 | ||
| 942 | _c2 | ||
| 942 | _c2 | ||
| 999 |
_c164826 _d164826 |
||